Detalles MARC
| 000 -LIDER |
| fixed length control field |
01160nam a22002297a 4500 |
| 001 - NÚMERO DE CONTROL |
| Identificador de número de control |
2145 |
| 003 - IDENTIFICACDOR DE NÚMERO DE CONTROL |
| control field |
DO-SdBNP |
| 005 - DATE AND TIME OF LATEST TRANSACTION |
| control field |
20180214111135.0 |
| 007 - CAMPOS FIJOS DE DESCRIPCIÓN FÍSICA |
| fixed length control field |
2145 |
| 008 - ELEMENTOS DE LONGITUD FIJA |
| fixed length control field |
160614b 2007 dr |||| 00| 0 spa d |
| 020 ## - ISBN |
| International Standard Book Number |
9789945161533 |
| 040 ## - FUENTE DE CATALOGACIÓN |
| Agencia que crea de manera original el registro |
BPMSU |
| Idioma de catalogación |
spa |
| Agencia que realiza la transcripción |
BPMSU |
| 100 ## - ASIENTO PRINCIPAL -- NOMBRE PERSONAL |
| Nombre personal |
Ovalle, Lucía. |
| 245 ## - MENCIÓN DE TITULO |
| Título |
Hacia una comprensión de las relaciones humanas : |
| Subtítulo |
su aplicación en el trabajo / |
| Mención de responsabilidad |
Lucía Ovalle ; |
| 250 ## - MENCIÓN DE EDICION |
| Mención de edición |
6a. ed. |
| 260 ## - PUBLICACIÓN, DISTRIBUCIÓN, ETC. (PIE DE IMPRENTA) |
| Lugar de publicación, distribución, etc |
Santo Domingo : |
| Nombre del editor, distribuidor, etc. |
Búho, |
| Fecha de publicación, distribución, etc |
2007 |
| Fecha de impresión |
(3a. reimpresión del 2014) |
| 300 ## - DESCRIPCIÓN FÍSICA |
| Extensión |
200 p. : |
| Otros detalles físicos |
il.; |
| Dimensiones |
24 cm. |
| 505 ## - NOTA DE CONTENIDO |
| Texto normalizado de contenido |
Contenidos:<br/> |
| Título |
Introducción -- |
| -- |
Introducción a la sexta edición -- |
| -- |
Relaciones humanas -- |
| -- |
La personalidad y el conocimiento del yo -- |
| -- |
La motivación y la conducta -- |
| -- |
La comunicación -- |
| -- |
La retroalimentación -- |
| -- |
Conflicto y frustración --<br/> |
| -- |
La autoridad -- |
| -- |
Trabajo en equipo -- |
| -- |
El cambio -- |
| -- |
Principales problemas de las relaciones humanas -- |
| -- |
Principios generales para lograr adecuadas relaciones -- |
| -- |
Actitudes que favorecen las relaciones humanas -- |
| 942 ## - ADDED ENTRY ELEMENTS (KOHA) |
| Source of classification or shelving scheme |
Dewey Decimal Classification |
| Koha item type |
Libros |
| 945 ## - INFORMACIÓN DE PROCESAMIENTO LOCAL |
| Información de procesamiento local |
Inventariado, 2018/ YL |
| 956 ## - LOCAL ELECTRONIC LOCATION AND ACCESS (OCLC) |
| Nombre de host |
VMATEO |
| Número de acceso |
10 |
| Información de compresión |
20160614 |
| Trayectoria |
BPMSU |
| Nombre Electrónico |
0069 |